[Event "Sables d'Olonne op 2nd"]
[Site "Sables d'Olonne"]
[Date "2015.07.16"]
[Round "8"]
[White "Chargelegue, Thomas"]
[Black "Burri, Quentin"]
[Result "0-1"]
[WhiteElo "2094"]
[BlackElo "2292"]
[PlyCount "66"]
[EventDate "2015.07.11"]
[EventType "swiss"]
[EventRounds "9"]
[EventCountry "FRA"]
[SourceTitle "CBM 167 Extra"]
[Source "ChessBase"]
[SourceDate "2015.09.14"]
[SourceVersion "1"]
[SourceVersionDate "2015.09.14"]
[SourceQuality "1"]

1. e4 c5 2. Nf3 d6 3. d4 cxd4 4. Nxd4 Nf6 5. Nc3 a6 6. Be3 e5 7. Nb3 Be7 8. f3 Be6 9. Qd2 0-0 10. 0-0-0 Nbd7 11. g4 b5 12. g5 b4 13. gxf6 bxc3 14. Qxc3 Nxf6 15. Na5 Qe8 16. Nc6 Rc8 17. Nxe7+ Qxe7 18. Qa5 Rc6 19. Rg1 Rfc8 20. c3 Kh8 21. Bg5 h6 22. Bh4 Qa7 23. Bd3 Nd7 24. Rde1 Nc5 25. Bb1 Rb6 26. Rg2 Rb5 27. Qa3 Qc7 28. Reg1 g6 29. b4 Nb3+ 30. axb3 Qxc3+ 31. Bc2 Bxb3 32. Be1 Qd3 33. Qb2 Bxc2 0-1

[Event "Sautron op 14th"]
[Site "Sautron"]
[Date "2014.10.26"]
[Round "1"]
[White "Chargelegue, Thomas"]
[Black "Le Goff, Ronan"]
[Result "1/2-1/2"]
[WhiteElo "1924"]
[BlackElo "2198"]
[PlyCount "77"]
[EventDate "2014.10.26"]
[EventType "swiss"]
[EventRounds "9"]
[EventCountry "FRA"]
[SourceTitle "EXT 2016"]
[Source "ChessBase"]
[SourceDate "2015.10.08"]
[SourceVersion "1"]
[SourceVersionDate "2015.10.08"]
[SourceQuality "1"]

1. e4 e5 2. Nf3 Nc6 3. Bb5 Nge7 4. c3 g6 5. d4 Bg7 6. 0-0 0-0 7. dxe5 h6 8. h4 a6 9. Ba4 Kh7 10. Bf4 b5 11. Bb3 Bb7 12. Nbd2 Nc8 13. a4 Qe7 14. axb5 axb5 15. Rxa8 Bxa8 16. Qe2 Nxe5 17. Bxe5 Bxe5 18. Qxb5 Bf6 19. h5 Bc6 20. Qd3 d6 21. Bc2 Kh8 22. Re1 Be5 23. Nxe5 dxe5 24. Qe3 g5 25. Nf1 Nb6 26. Ra1 Nc4 27. Qc1 Rb8 28. b3 Nd6 29. Ng3 Kh7 30. Qe3 f6 31. Qc5 Qd7 32. c4 Nb7 33. Qa7 Rc8 34. Nf5 Qe8 35. Qa3 Rd8 36. Qb4 Nd6 37. Nxd6 Rxd6 38. Ra7 Qd8 39. Qa5 1/2-1/2

[Event "Avoine op 29th"]
[Site "Avoine"]
[Date "2014.07.24"]
[Round "6"]
[White "Maloberti, David"]
[Black "Chargelegue, Thomas"]
[Result "0-1"]
[WhiteElo "2037"]
[BlackElo "1876"]
[PlyCount "90"]
[EventDate "2014.07.19"]
[EventType "swiss"]
[EventRounds "9"]
[EventCountry "FRA"]
[SourceTitle "CBM 161 Extra"]
[Source "ChessBase"]
[SourceDate "2014.08.29"]
[SourceVersion "1"]
[SourceVersionDate "2014.08.29"]
[SourceQuality "1"]

1. d4 Nf6 2. c4 g6 3. Nc3 d5 4. cxd5 Nxd5 5. e4 Nxc3 6. bxc3 Bg7 7. Bc4 c5 8. Ne2 Nc6 9. Be3 0-0 10. 0-0 b6 11. Rc1 Bb7 12. f4 e6 13. dxc5 Na5 14. Bd3 Qc7 15. cxb6 axb6 16. Bd4 e5 17. fxe5 Bxe5 18. Bxe5 Qxe5 19. Ng3 Qc5+ 20. Kh1 Nc6 21. Bb1 Ne5 22. Qd4 Rfd8 23. Qxc5 bxc5 24. Rfd1 Rxd1+ 25. Rxd1 Ra3 26. Ne2 Ba6 27. Rd8+ Kg7 28. Ra8 Nc4 29. Kg1 Bb5 30. Rb8 Ba6 31. Rd8 Ne5 32. Ra8 Nc4 33. Bd3 Bb7 34. Rxa3 Nxa3 35. Kf2 c4 36. Bxc4 Nxc4 37. Ng3 Kf6 38. Ke2 Ke5 39. Kd3 Ba6 40. Kc2 Nd6 41. Kb3 Nxe4 42. Kb4 Nxg3 43. hxg3 Kd6 44. a4 Bf1 45. g4 g5 0-1

[Event "FRA-ch U12"]
[Site "Montbeliard"]
[Date "2014.04.26"]
[Round "8"]
[White "Chargelegue, Thomas"]
[Black "Zachary, Matheo"]
[Result "1-0"]
[WhiteElo "1862"]
[BlackElo "1666"]
[PlyCount "108"]
[EventDate "2014.04.21"]
[EventType "swiss"]
[EventRounds "9"]
[EventCountry "FRA"]
[SourceTitle "CBM 160 Extra"]
[Source "ChessBase"]
[SourceDate "2014.07.01"]
[SourceVersion "1"]
[SourceVersionDate "2014.07.01"]
[SourceQuality "1"]

1. e4 c5 2. Nf3 Nc6 3. d4 cxd4 4. Nxd4 Nf6 5. Nc3 e5 6. Ndb5 h6 7. Nd6+ Bxd6 8. Qxd6 Qe7 9. Qxe7+ Kxe7 10. Be3 d6 11. f3 Be6 12. 0-0-0 a6 13. Rd2 Rhd8 14. Be2 b5 15. a3 Rd7 16. Rhd1 Na5 17. b3 Rc8 18. Kb2 Rc6 19. Na2 Rc8 20. Nb4 Ra8 21. g4 Ne8 22. Bb6 Nb7 23. Nc6+ Kf6 24. h4 g6 25. Be3 g5 26. Nb4 Ng7 27. Nd3 Rc8 28. Nb4 Ra8 29. Nd5+ Bxd5 30. Rxd5 Ne6 31. R5d2 Nf4 32. Bf1 Rc8 33. c4 bxc4 34. Bxc4 Rc6 35. Bxf4 gxf4 36. Bd5 Rb6 37. Bxb7 Rdxb7 38. Rxd6+ Ke7 39. Rxb6 Rxb6 40. b4 Rg6 41. h5 Rb6 42. Kb3 a5 43. Rd5 f6 44. Rxa5 Rd6 45. Rc5 Rd3+ 46. Rc3 Rd1 47. b5 f5 48. gxf5 Rh1 49. a4 Rxh5 50. b6 Rh1 51. a5 h5 52. Rc6 Rb1+ 53. Kc4 h4 54. Rh6 Ke8 1-0

[Event "FRA-ch U12"]
[Site "Montbeliard"]
[Date "2014.04.25"]
[Round "6"]
[White "Gatineau, Yovann"]
[Black "Chargelegue, Thomas"]
[Result "0-1"]
[WhiteElo "1787"]
[BlackElo "1862"]
[PlyCount "90"]
[EventDate "2014.04.21"]
[EventType "swiss"]
[EventRounds "9"]
[EventCountry "FRA"]
[SourceTitle "CBM 160 Extra"]
[Source "ChessBase"]
[SourceDate "2014.07.01"]
[SourceVersion "1"]
[SourceVersionDate "2014.07.01"]
[SourceQuality "1"]

1. e4 e6 2. d4 d5 3. Nd2 Nf6 4. e5 Nfd7 5. c3 c5 6. f4 Nc6 7. Ndf3 Qb6 8. a3 Be7 9. b4 cxd4 10. cxd4 a6 11. Bb2 f6 12. Bd3 0-0 13. h4 h6 14. Bb1 fxe5 15. fxe5 Rf7 16. Ne2 Nf8 17. Nc3 Bd7 18. Na4 Qa7 19. Nc5 Bxc5 20. dxc5 b6 21. cxb6 Qxb6 22. Bd4 Nxd4 23. Qxd4 Qxd4 24. Nxd4 a5 25. bxa5 Rxa5 26. Rf1 Rxf1+ 27. Kxf1 Kf7 28. Ke2 Be8 29. Bd3 Ke7 30. g3 Ba4 31. Rc1 Bd7 32. Rc3 Ra8 33. Ke3 Ba4 34. Nf3 Bd7 35. Nd4 Ba4 36. Bb5 Bxb5 37. Nxb5 Nd7 38. Rc7 Kd8 39. Rc6 Ra5 40. Nd4 Rxa3+ 41. Kf4 Ra4 42. Ke3 Nxe5 43. Rd6+ Kc8 44. Rxd5 exd5 45. Kd2 Ng4 0-1

[Event "FRA-chT U20"]
[Site "Villepinte"]
[Date "2013.12.08"]
[Round "?"]
[White "Chargelegue, Thomas"]
[Black "Travadon, Loic"]
[Result "0-1"]
[WhiteElo "1803"]
[BlackElo "1729"]
[PlyCount "140"]
[EventDate "2013.07.12"]
[EventType "team-match"]
[EventRounds "5"]
[EventCountry "FRA"]
[SourceTitle "EXT 2015"]
[Source "ChessBase"]
[SourceDate "2014.11.20"]
[SourceVersion "1"]
[SourceVersionDate "2014.11.20"]
[SourceQuality "1"]

1. e4 c6 2. d4 d5 3. Nc3 dxe4 4. Nxe4 Bf5 5. Ng3 Bg6 6. h4 h6 7. Nf3 Nd7 8. h5 Bh7 9. Bd3 Bxd3 10. Qxd3 Ngf6 11. Bd2 Qc7 12. 0-0-0 0-0-0 13. Ne4 Nxe4 14. Qxe4 Nf6 15. Qe2 e6 16. g3 Rd5 17. c4 Rxh5 18. Rxh5 Nxh5 19. Ne5 Nf6 20. c5 Nd5 21. Qf3 Bxc5 22. Ng6 fxg6 23. dxc5 Qe7 24. Be3 Rf8 25. Qe4 Rf5 26. Bd4 e5 27. Re1 Qg5+ 28. f4 Qxg3 29. Bxe5 Nxf4 30. Kc2 Qg2+ 31. Qxg2 Nxg2 32. Re4 h5 33. Bxg7 h4 34. Bd4 h3 35. Re8+ Kd7 36. Rh8 Nf4 37. Kd2 Nh5 38. Bg1 h2 39. Bxh2 Rf2+ 40. Kc3 Rxh2 41. Rh7+ Ke6 42. Rxb7 Kd5 43. Rxa7 Kxc5 44. Ra5+ Kb6 45. Rg5 Rh3+ 46. Kd4 Rh2 47. Rxg6 Rxb2 48. Rh6 Nf4 49. Rf6 Rxa2 50. Rh6 Nd5 51. Kc4 Ra4+ 52. Kb3 Rg4 53. Rh8 c5 54. Rb8+ Kc6 55. Re8 Kb5 56. Rb8+ Nb6 57. Kc2 c4 58. Rb7 Kc6 59. Ra7 Nd5 60. Ra8 Kc5 61. Rc8+ Kd4 62. Rh8 Rg2+ 63. Kc1 c3 64. Rc8 Kd3 65. Kb1 Rg1+ 66. Ka2 c2 67. Rd8 c1Q 68. Rxd5+ Ke4 69. Rb5 Qc2+ 70. Ka3 Ra1+ 0-1

[Event "FRA-chT U20"]
[Site "Villepinte"]
[Date "2013.12.08"]
[Round "?"]
[White "Lux, Hugo de Melo"]
[Black "Chargelegue, Thomas"]
[Result "1/2-1/2"]
[WhiteElo "1824"]
[BlackElo "1803"]
[PlyCount "80"]
[EventDate "2013.07.12"]
[EventType "team-match"]
[EventRounds "5"]
[EventCountry "FRA"]
[SourceTitle "EXT 2015"]
[Source "ChessBase"]
[SourceDate "2014.11.20"]
[SourceVersion "1"]
[SourceVersionDate "2014.11.20"]
[SourceQuality "1"]

1. e4 e6 2. d4 d5 3. exd5 exd5 4. Bd3 Nc6 5. c3 Bd6 6. Qf3 Nge7 7. Ne2 Be6 8. Bf4 Bxf4 9. Nxf4 Qd7 10. Nd2 Bf5 11. Bb5 0-0-0 12. h3 g5 13. Nd3 Qe6+ 14. Qe2 Qxe2+ 15. Kxe2 Rhe8 16. Kf1 a6 17. Ne5 axb5 18. Nxf7 Bd3+ 19. Kg1 Rd7 20. Nf3 Nf5 21. N7e5 Nxe5 22. Nxe5 Rxe5 23. dxe5 Nh4 24. f3 Bf5 25. Kf2 Rf7 26. Rad1 Be6 27. Rd2 h5 28. b3 c5 29. a4 bxa4 30. bxa4 b6 31. Rb2 Rb7 32. Rhb1 Bf5 33. Rd1 Be6 34. Rbb1 Bf5 35. Ra1 Be6 36. Rdb1 Kc7 37. a5 Bf5 38. Rd1 Be6 39. Rdb1 Bf5 40. Rd1 Be6 1/2-1/2

[Event "Rohde op 12th"]
[Site "Sautron"]
[Date "2012.11.??"]
[Round "7"]
[White "Chargelegue, Thomas"]
[Black "Eden, James"]
[Result "0-1"]
[WhiteElo "1756"]
[BlackElo "2145"]
[PlyCount "42"]
[EventDate "2012.10.27"]
[EventType "swiss"]
[EventRounds "9"]
[EventCountry "FRA"]
[SourceTitle "EXT 2014"]
[Source "ChessBase"]
[SourceDate "2013.11.20"]
[SourceVersion "1"]
[SourceVersionDate "2013.11.20"]
[SourceQuality "1"]

1. e4 e5 2. Nf3 Nc6 3. Bb5 a6 4. Ba4 Nf6 5. 0-0 Be7 6. Re1 b5 7. Bb3 0-0 8. c3 d5 9. exd5 Nxd5 10. Nxe5 Nxe5 11. Rxe5 Nf6 12. d4 Bd6 13. Re1 Ng4 14. h3 Qh4 15. Qf3 Nxf2 16. Qxf2 Bh2+ 17. Kf1 Bg3 18. Qd2 Bxh3 19. gxh3 Bxe1 20. Qxe1 Qxh3+ 21. Kg1 Rae8 0-1